A history of Venezuela / (Record no. 27987)
[ view plain ]
| 000 -LEADER | |
|---|---|
| fixed length control field | 00675nam a22002412a 4500 |
| 001 - CONTROL NUMBER | |
| control field | 27987 |
| 003 - CONTROL NUMBER IDENTIFIER | |
| rucl marc code | BD-RjUL |
| 005 - DATE AND TIME OF LATEST TRANSACTION | |
| control field | 20211209051226.0 |
| 008 - FIXED-LENGTH DATA ELEMENTS--GENERAL INFORMATION | |
| fixed length control field | 140329t1964 enk b 001 0 eng d |
| 035 ## - SYSTEM CONTROL NUMBER | |
| System control number | (BD-RjUL)28068 |
| 040 ## - CATALOGING SOURCE | |
| Original cataloging agency | WSU |
| Transcribing agency | WSU |
| Modifying agency | OCL |
| -- | UKM |
| -- | EQO |
| -- | BD-RjUL |
| Language of cataloging | eng |
| 041 1# - LANGUAGE CODE | |
| Language code of text/sound track or separate title | engspa |
| 082 00 - DEWEY DECIMAL CLASSIFICATION NUMBER | |
| Classification number | 987 |
| Edition number | 18 |
| Author mark and year | MOH 1964 |
| 090 ## - LOCALLY ASSIGNED LC-TYPE CALL NUMBER (OCLC); LOCAL CALL NUMBER (OCLC) | |
| Classification number (OCLC) (R) ; Classification number, CALL (RLIN) (NR) | F2321 |
| Local cutter number (OCLC) ; Book number/undivided call number, CALL (RLIN) | .M653 |
| 100 1# - MAIN ENTRY--PERSONAL NAME | |
| Personal name | Morón, Guillermo. |
| 9 (RLIN) | 85851 |
| 245 12 - TITLE STATEMENT | |
| Title | A history of Venezuela / |
| 260 ## - PUBLICATION, DISTRIBUTION, ETC. (IMPRINT) | |
| Place of publication, distribution, etc. | London : |
| Name of publisher, distributor, etc. | George Allen & Unwin Ltd, |
| Date of publication, distribution, etc. | c1964 |
| 300 ## - PHYSICAL DESCRIPTION | |
| Pagination | 268 p.; |
| Size | 24 cm. |
| 504 ## - BIBLIOGRAPHY, ETC. NOTE | |
| Bibliography, etc | Includes bibliographical references and index. |
| 651 #0 - SUBJECT ADDED ENTRY--GEOGRAPHIC NAME | |
| Geographic name | Venezuela |
| General subdivision | History |
| 9 (RLIN) | 85852 |
| 942 ## - ADDED ENTRY ELEMENTS (KOHA) | |
| Source of classification or shelving scheme | Dewey Decimal Classification |
| Koha item type | Books |
| Lost status | Source of classification or shelving scheme | Damaged status | Not for loan | Collection code | Permanent Location | Current Location | Shelving location | Date acquired | Source of acquisition | Cost, normal purchase price | Total Checkouts | Full call number | Date last seen | Copy number | Koha item type |
|---|---|---|---|---|---|---|---|---|---|---|---|---|---|---|---|
| Dewey Decimal Classification | Added to bundle | Non-fiction | Central Library, University of Rajshahi | Central Library, University of Rajshahi | Reading Room | 06/07/1968 | swits and zethinger | 30.00 | 987 MOH 1964 | 29/03/2014 | C-1 | Books |